000 00279nam a22001337a 4500
008 170307b xxu||||| |||| 00| 0 eng d
020 _a9780070105270
041 _aeng
080 _a611
100 _a6
101 _ashm
245 _aHUMAN ANATOMY
_cCAROLA, R
942 _2udc
_cBK
999 _c6964
_d6964